00462 a2200157 4500010001400000020002300014035001300037037001500050082001000065100002200075245006700097260004400164270004700208300002900255500002000284 aENG-86537 a8120330676c195.00 aEN-70070 bDBAD / PUB14a005.31 aMurray, Katherine1 aFirst book 2007 microsoft office system /cby Katherine Murray aNew DelhibPrentice Hall of Indiac2006 aM-97, Connaught CircusbNew Delhie110 001 axviii, 199 pc24cm (Pbk) aincludes index